People's Linguistic Survey Of India The Languages Of Chhattisgarh (Record no. 210671)

MARC details
000 -LEADER
fixed length control field 00667nam a22002057a 4500
005 - DATE AND TIME OF LATEST TRANSACTION
control field 20250402152041.0
010 ## - LCCN (DPL NO)
LC control number ENG-144411
020 ## - INTERNATIONAL STANDARD BOOK NUMBER
International Standard Book Number 9789354420795(VOL.VII)
Terms of availability 2576.00
035 ## - SYSTEM CONTROL NUMBER
System control number EN-127943
037 ## - SOURCE OF ACQUISITION
Source of stock number/acquisition DBAD
082 ## - DEWEY DECIMAL CLASSIFICATION NUMBER
Classification number 409.54
Edition number 1st
245 ## - TITLE STATEMENT
Title People's Linguistic Survey Of India The Languages Of Chhattisgarh
Statement of responsibility, etc G.N.Devy
Medium English
250 ## - EDITION STATEMENT
Edition statement 1st
260 ## - PUBLICATION, DISTRIBUTION, ETC. (IMPRINT)
Place of publication, distribution, etc Telangana,India
Date of publication, distribution, etc 2021
Name of publisher, distributor, etc Orient BlackSwan
270 ## - ADDRESS
Address 3-6-752, Himayatnagar,
City Hyderabad,Telangana
Electronic mail address info@orientblackswan.com
300 ## - PHYSICAL DESCRIPTION
Extent xi, 212.p
Dimensions 25cm. (Hb)
490 ## - SERIES STATEMENT
Series statement Part-II
Volume number/sequential designation VII
700 ## - ADDED ENTRY--PERSONAL NAME
Personal name Madhu Singh
9 (RLIN) 80043
942 ## - ADDED ENTRY ELEMENTS (KOHA)
Source of classification or shelving scheme Dewey Decimal Classification
Item type English Books
Classification part 409.54
Call number suffix DEV
Edition 1
Holdings
Withdrawn status Lost status Not for loan Collection code Home library Current library Date acquired Source of acquisition Cost, normal purchase price Full call number Barcode Copy number Cost, replacement price Koha item type
      Non-fiction Bawana Bawana 02/04/2025 DBAD 2576.00 409.54 DEV EN-127943 1 2576.00 English Books

© Delhi Public Library
Hit Counter
free hit counter